Common Computer Ports and Services - Statistics

General Stats
  • This quiz has been taken 56 times
    50 since last reset
  • The average score is 6 of 28
Answer Stats
Hint Answer % Correct
80 (TCP, UDP) HTTP
76%
443 (TCP, UDP) HTTPS
60%
22 (TCP, UDP) SSH
56%
23 (TCP, UDP) Telnet
44%
53 (UDP) DNS
40%
21 (TCP, UDP) FTP control
32%
68 (TCP, UDP) DHCP client
28%
123 (TCP, UDP) NTP
24%
3389 (TCP, UDP) RDP
24%
25 (TCP, UDP) SMTP (email)
24%
20 (TCP, UDP) FTP data
20%
110 (TCP, UDP) POP3
20%
143 (TCP) IMAP
16%
1434 (TCP, UDP) Microsoft SQL Monitor
16%
136-139 (TCP, UDP) NetBIOS
16%
389 (TCP, UDP) LDAP
12%
69 (TCP, UDP) TFTP
12%
445 (TCP) Microsoft AD and SMB
8%
1433 (TCP) Microsoft SQL Server
8%
1521 (TCP) Oracle database listener
8%
161 (UDP) SNMP
8%
162 (TCP, UDP) SNMP traps
8%
67 (TCP, UDP) DHCP server
4%
500 (TCP, UDP) ISAKMP, IKE
4%
88 ( TCP, UDP) Kerberos
4%
515 (TCP) LDP print services
4%
1812, 1813 (TCP, UDP) RADIUS
4%
135 (TCP, UDP) Microsoft EPMAP
0%
No matching quizzes found
Score Distribution
Percent of People with Each Score
Percentile by Number Answered
Your Score History
You have not taken this quiz since the last reset